000 00946 a2200229 4500
005 20260406105013.0
008 260406b |||||||| |||| 00| 0 eng d
020 _a8173092419 (pbk)
037 _cTB
040 _aCRL
_cCRL
041 _2hin
_ahin
084 _aO152,3N26x R4
_qCRL
100 _aदेथा-बीज्जी, विजयदान
_9862608
245 _aरास्ते की तलाश
260 _aनई दिल्ली, भारत:
_bसस्ता साहित्य मण्डल प्रकाशन,
_c2024.
300 _a164पृ.
365 _b140.00
_cINR
650 _aहिन्दी कहानी
650 _aहिन्दी साहित्य
942 _cTB
_2CC
_hO152,3N26x R4
999 _c1467124
_d1467124